书目信息 |
| 题名: |
中国思想通史
|
|
| 作者: | 侯外庐 著 | |
| 分册: | 第二卷 两汉思想 | |
| 出版信息: | 北京 人民出版社 1957 |
|
| 页数: | 456页 | |
| 开本: | 21cm | |
| 丛书名: | ||
| 单 册: | ||
| 中图分类: | B2 | |
| 科图分类: | ||
| 主题词: | 思想史--中国 | |
| 电子资源: | ||
| ISBN: | 2001.81 | |
| 000 | 00686cam0 2200241 450 | |
| 001 | 0105417110 | |
| 005 | 20110228150030.0 | |
| 010 | @a2001.81@dCNY2.10 | |
| 091 | @a2001.81@b精装@dCNY2.10 | |
| 100 | @a20021005d1957 em y0chiy0110 ea | |
| 101 | 0 | @achi |
| 102 | @aCN@b110000 | |
| 105 | @ay z 000yy | |
| 106 | @ar | |
| 200 | 1 | @a中国思想通史@9Zhong Guo Si;Sai Xiang Tong Shi @i两汉思想@f侯外庐等著@h第二卷@b专著 |
| 210 | @a北京@c人民出版社@d1957 | |
| 215 | @a456页@d21cm | |
| 517 | 1 | @a两汉思想@9liang han si xiang |
| 606 | 0 | @a思想史@y中国 |
| 690 | @aB2@v3 | |
| 701 | 0 | @a侯外庐@f(1903~1987)@9hou wai lu@4著 |
| 801 | 0 | @aCN@bAiZhiMarc |
| 905 | @aBZT@dB2@e114:2@f1@sB2/114:2 | |
| 中国思想通史.两汉思想/侯外庐等著.第二卷.-北京:人民出版社,1957 |
| 456页;21cm |
| ISBN 2001.81:CNY2.10 |
| ● |
| 相关链接 |
|
|
|
正题名:中国思想通史
索取号:B2/114:2
 
预约/预借
| 序号 | 登录号 | 条形码 | 馆藏地/架位号 | 状态 | 备注 |
| 1 | 2000103877 | 2000103877 | 旧书回溯/ [索取号:B2/114:2] | 在馆 |